| 000 | 01075nam a2200217Ia 4500 | ||
|---|---|---|---|
| 999 |
_c37425 _d37425 |
||
| 001 | 3384 | ||
| 003 | GE_BSU | ||
| 005 | 20190606171658.0 | ||
| 008 | 181216s1971||||ge |||||||||||||| ||geo|| | ||
| 040 | _cGE_BSU | ||
| 041 | _ageo | ||
| 080 | _a621.01(076.5) მ–59 | ||
| 245 |
_aმექანიზმებისა და მანქანების თეორია : დამხმ. სახელმძღ. / _cშემდგ.: თ. კახეთელიძე ; ვ. გოგილაშვილი ; კ. ილურიძე. |
||
| 264 |
_aთბილისი : _bსპი. _c1971. |
||
| 300 |
_a66 გვ .: _c20 სმ. _eნახაზები. |
||
| 653 | _aმექანიზმებისა და მანქანების თეორია | ||
| 700 |
_aკახეთელიძე, თ. _eშემდგენელი _92245 |
||
| 700 |
_aგოგილაშვილი, ვ _eშემდგენელი _91974 |
||
| 700 |
_aილურიძე, ი _eშემდგენელი _92246 |
||
| 942 |
_cBK _2udc |
||